Project monitoring and evaluation in agriculture / (Record no. 14681)

000 -LEADER
fixed length control field 01001cam a2200253 a 4500
020 ## - INTERNATIONAL STANDARD BOOK NUMBER
ISBN 0801836166 (pbk.)
020 ## - INTERNATIONAL STANDARD BOOK NUMBER
ISBN 0801836158 (hard)
040 ## - CATALOGING SOURCE
Transcribing agency DLC
082 00 - DEWEY DECIMAL CLASSIFICATION NUMBER
Classification number 351 PUB 1987 A068 Or.
100 1# - MAIN ENTRY--AUTHOR NAME
Personal name Casley, D. J.
245 10 - TITLE STATEMENT
Title Project monitoring and evaluation in agriculture /
260 ## - PUBLICATION, DISTRIBUTION, ETC. (IMPRINT)
Place of publication Baltimore :
Name of publisher published for the World Bank [by] the Johns Hopkins University Press,
Year of publication c1987.
300 ## - PHYSICAL DESCRIPTION
Number of Pages xiii, 159 p. :
Other physical details ill. ;
Dimensions 24 cm.
500 ## - GENERAL NOTE
General note "Published for the World Bank."
500 ## - GENERAL NOTE
General note "A joint study: the World Bank, International Fund for Agricultural Development, Food and Agriculture Organization of the United Nations"--P. [4] of cover.
500 ## - GENERAL NOTE
General note Includes index.
650 #0 - SUBJECT ADDED ENTRY--TOPICAL TERM
Topical Term Agricultural development projects
650 #0 - SUBJECT ADDED ENTRY--TOPICAL TERM
Topical Term Agricultural development projects
700 1# - ADDED ENTRY--PERSONAL NAME
Personal name Kumar, Krishna,
710 2# - ADDED ENTRY--CORPORATE NAME
Corporate name or jurisdiction name as entry element World Bank.
710 2# - ADDED ENTRY--CORPORATE NAME
Corporate name or jurisdiction name as entry element International Fund for Agricultural Development.
710 2# - ADDED ENTRY--CORPORATE NAME
Corporate name or jurisdiction name as entry element Food and Agriculture Organization of the United Nations.
942 ## - ADDED ENTRY ELEMENTS (KOHA)
Koha item type សៀវភៅភាសាអង់គ្លេស
952 ## - LOCATION AND ITEM INFORMATION (KOHA)
Withdrawn status [LOCAL, KOHA] 0
Holdings
Permanent Location Date acquired Koha item type Lost status Shelving location Barcode Current Location Full call number
Library Block A2017-10-24សៀវភៅភាសាអង់គ្លេស A068A18709Library Block A351 PUB 1987 A068 Or.
មជ្ឈមណ្ឌលឯការនៃសាកលវិទ្យាល័យភូមិន្ទកសិកម្មចំការដូង

Powered by Koha